000 00660nam a22002537a 4500
003 UA-OsUOA
001 26319
007 ta
008 20040526b un ||||| |||| 00| 0 ukr d
100 _aШкуров В.А.
090 _a26(477)
_bШ67
942 _cBK
040 _aUA-OsUOA
_bukr
_cUA-OsUOA
_dUA-OsUOA
245 _aИудео-христианский контекст Киевской Пвалтири
300 _a112 с.
_bІлюстрації
955 _a0
041 _aukr
080 _a26(477)
020 _a966-00-0092-8
260 _aКиїв
_bНаукова думка
_c2004
044 _aUA
650 7 _2UDC
999 _c312639
_d312639